000 00725nam a2200193 a 4500
001 BRCA_961
005 20190320203226.0
008 730801s1965 nyua---##b---#000-0#eng-#
050 4 _aN7350
_b.A75 1965
245 1 0 _aMingei
_bfolk arts of old Japan
_cby Hugo Munsterberg.
260 _a[Nueva York]
_bThe Asia Society : Harry N. Abrams
_c[1965]
300 _a143 p.
_bil. (algunas a color)
_c25 cm.
500 _aCatálogo de la exposición seleccionada por el Dr. Hugo Munsterberg and shown in Asia House Gallery in the spring of 1965
504 _aBibliografía : p. 142
650 1 4 _aArte popular
_zJapón
_91244
650 1 4 _aArte popular
_xExposiciciones
_93179
700 1 _aMunsterberg, Hugo
_d1916-
_93180
942 _2lcc
_cB
999 _c848
_d848